Five Finger Death Punch Songs - Statistics

General Stats
  • This quiz has been taken 610 times
    520 since last reset
  • The average score is 29 of 119
Answer Stats
Answer % Correct
Wrong Side of Heaven
55%
Got Your Six
54%
AfterLife
51%
F8 (Intro)
50%
American Capitalist
49%
Bad Company
45%
Welcome to the Circus
45%
The Bleeding
43%
The Way of the Fist
43%
War Is the Answer
42%
A Little Bit Off
41%
Lift Me Up
40%
The Pride
40%
Wash it All Away
40%
Jekyll and Hyde
38%
Under and Over It
38%
Battle Born
37%
Blue on Black
37%
House of the Rising Sun
37%
Remember Everything
37%
Gone Away
36%
Sham Pain
36%
Burn MF
34%
Inside Out
34%
IOU
34%
Judgement Day
33%
I Apologize
32%
Coming Down
30%
Cold
29%
100 Ways to Hate
28%
Brighter Side of Grey
28%
Full Circle
28%
Living the Dream
28%
The End
28%
When the Seasons Change
28%
Darkness Settles In
27%
Far From Home
27%
You
27%
Trouble
26%
Thanks for Asking
25%
White Knuckles
25%
Ashes
24%
Dot Your Eyes
24%
Fake
24%
Hard to See
24%
I Refuse
24%
Mama Said Knock You Out
24%
M.I.N.E (End This Way)
24%
My Nemesis
24%
The Tragic Truth
24%
Gold Gutter
23%
Times Like These
23%
Anywhere But Here
22%
Cradle to the Grave
22%
Never Enough
22%
Walk Away
22%
Back for More
21%
Bulletproof
21%
Death Punch Therapy
21%
Generation Dead
21%
Menace
21%
Top of the World
21%
Wrecking Ball
21%
Blood and Tar
20%
Boots and Blood
20%
Dying Breed
20%
Hell to Pay
20%
Making Monsters
20%
Roll Dem Bones
20%
This Is War
20%
Bottom of the Top
19%
Here to Die
19%
Meet the Monster
19%
Pick Up Behind You
19%
Salvation
19%
The Devil's Own
19%
To Be Alone
19%
All I Know
18%
Bloody
18%
Canto 34
18%
Death Before Dishonor
18%
If I Fall
18%
I.M.Sin
18%
Mother May I (Tic Toc)
18%
Question Everything
18%
Watch You Bleed
18%
Wicked Ways
18%
Fire in the Hole
17%
The Agony of Regret
17%
This Is My War
17%
Digging My Own Grave
16%
Leave It All Behind
16%
Ain't My Last Dance
15%
A Place to Die
15%
My Heart Lied
15%
My Own Hell
15%
No One Gets Left Behind
15%
Save Your Breath
15%
Scar Tissue
15%
Stranger than Fiction
15%
Will the Sun Ever Rise
15%
A Day in My Life
14%
Bad Seed
14%
Crossing Over
14%
Stuck in My Ways
14%
Weight Beneath My Sin
14%
Burn It Down
13%
Can't Heal You
13%
Diary of a Deadman
13%
Let This Go
13%
Matter of Time
13%
Rock Bottom
12%
Falling In Hate
11%
It Doesn't Matter
11%
Meet My Maker
11%
No Sudden Movement
11%
Succubus
11%
You're Not My Kind
10%
Undone
8%
No matching quizzes found
Score Distribution
Percent of People with Each Score
Percentile by Number Answered
Your Score History
You have not taken this quiz since the last reset